000 00899nam a2200265 a 4500
001 2048260
005 20221011153351.0
008 921005s1992 si a b 000 0 eng
010 _a 92944689
020 _a981204325X
040 _aDLC
_cDLC
043 _aa-cc---
050 0 0 _aBF1623.P9
_bL575 1992
082 0 0 _a133.3350951
_bLIP
100 1 _aLip, Evelyn.
_999928
245 1 0 _aChinese numbers :
_bsignificance, symbolism, and traditions /
_cEvelyn Lip.
260 _aSingapore :
_bTimes Books International,
_cc1992.
300 _a111 p. :
_bill. ;
_c24 cm.
504 _aIncludes bibliographical references (p. 110-111).
650 0 _aNumerology
_zChina.
_999929
650 0 _aSymbolism of numbers
_xChina.
_999930
906 _a7
_bcbc
_corignew
_d3
_encip
_f19
_gy-gencatlg
942 _2ddc
_cBK
999 _c591693
_d591693